00241nam a2200097Ia 4500008004100000100001100041245004300052260002600095300000800121650001400129190216s9999||||xx |||||||||||||| ||und|| aPammal 0aMalayalam-Pamman Purana Kadapathrangal bPoorna Pubs Kozhikode a505 aMalayalam